|
|
|
|
| LEADER |
00686cam a2200229 7i4500 |
| 001 |
0000060919 |
| 005 |
20151104090000.0 |
| 005 |
##20151104182700.0 |
| 003 |
##MY-KlINT |
| 020 |
# |
# |
|a 9838760145
|
| 039 |
# |
9 |
|y 201511041827
|z VLOAD
|
| 090 |
0 |
0 |
|a 338.9595 JOM
|
| 100 |
1 |
# |
|a Jomo Kwame Sundaram
|
| 245 |
1 |
0 |
|a M way :
|b Mahathir's economic legacy /
|c Jomo K. S..
|
| 260 |
# |
# |
|a Kuala Lumpur:
|b FORUM,
|c 2003.
|
| 300 |
# |
# |
|a 248 p..
|
| 650 |
# |
0 |
|a MDE --
|x Public Administration Development --
|x Malaysia
|
| 650 |
# |
0 |
|a Vision 2020
|
| 996 |
|
|
|a ikwas2004.out
|
| 997 |
|
|
|a 3000106405
|b IKWS
|c MNF
|d BOK
|
| 998 |
|
|
|a 0000007868
|
| 999 |
|
|
|a 3000106405
|b BOOK
|c Main Non-Fiction
|e INTAN Kampus Wilayah Selatan
|